000 00461nam a22001817a 4500
005 20251119094949.0
008 251119b |||||||| |||| 00| 0 eng d
020 _a13:978-1-133-10371-4
050 _aQA 297.C494 2013
100 _aCHENEY WARD
245 _aNUMERICAL MATHEMATICS AND COMPUTING
250 _a7TH
260 _aAUSTRALIA
_bCENGAGE
_c2013
300 _aX,678
500 _aINCLUDES AN INDEX
700 _aKINCAID DAVID
942 _2lcc
_cBK
999 _c216209
_d216209